=LDR 00000nam 2200000 4500 =001 000786 =005 20250711111200 =035 ##$$a 0010-0725000655 =007 ta =008 250711################a##########0#ind## =020 ##$$a 978-623-472-077-8 =082 ##$$a 398.209 598 =084 ##$$a 398.209 598 JAG b =100 #$$a Jagannathan, Bharati =245 1#$$a Bekal makan siang Samira yang menjijikan /$c Bharati Jagannathan =250 ##$$a Cetakan pertama =260 ##$$a Jakarta :$b Badan pengembangan dan pembinaan bahasa,$c 2022 =300 ##$$a 28 hlm. : $b Ilusi. ; $c 22,9 cm =650 #4$$a Cerita anak Indonesia-terjemahan =650 #4$$a Literasi-bahan bacaan